Visualizzazione normale
Vista MARC
- Salviucci Marini Giovanna
di Personal Name
Records bibliografici associati: 1
001 - CONTROL NUMBER
- control field: 48095
003 - CONTROL NUMBER IDENTIFIER
- control field: IT-RoPau
005 - DATE AND TIME OF LATEST TRANSACTION
- control field: 20151201115726.0
008 - FIXED-LENGTH DATA ELEMENTS
- fixed length control field: 151201|| aca||aabn | a|a d
040 ## - CATALOGING SOURCE
- Original cataloging agency: IT-RoPau
- Transcribing agency: IT-RoPau
100 ## - HEADING--PERSONAL NAME
- Personal name: Salviucci Marini Giovanna
- Relator term: (musica)
- Miscellaneous information: Codice Musica SPICS: 23810
670 ## - SOURCE DATA FOUND
- Source citation: Work cat.: (IT-RoPau)106668: Maselli Francesco Codice regista SPICS: 1587 48091, CODICE PRIVATO CODICE PRIVATO (Rif. Codice opera principale : B1978)